Welcome to the Holygrace Academy Library

Please use search bar below to get started

CLASS IX, ENGLISH LANGUAGE AND LITERATURE (Record no. 6879)

MARC details
000 -LEADER
fixed length control field 00295nam a22001217a 4500
020 ## - INTERNATIONAL STANDARD BOOK NUMBER
ISBN 978-9356348813
082 ## - DEWEY DECIMAL CLASSIFICATION NUMBER
Classification number 425
Item number OSW/E
245 ## - TITLE STATEMENT
Title CLASS IX, ENGLISH LANGUAGE AND LITERATURE
Remainder of title QUESTION BANK
260 ## - PUBLICATION, DISTRIBUTION, ETC. (IMPRINT)
Place of publication AGRA
Name of publisher OSWALL BOOKS
300 ## - PHYSICAL DESCRIPTION
Number of Pages 239
650 ## - SUBJECT ADDED ENTRY--TOPICAL TERM
Topical Term QUESTION BANK
Geographic subdivision DELHI
942 ## - ADDED ENTRY ELEMENTS (KOHA)
Koha item type Books
Holdings
Withdrawn status Lost status Collection code Home library Current library Shelving location Date acquired Source of acquisition Cost, normal purchase price Full call number Accession Number Koha item type
    Reference Main Library Main Library NEW SHELF WITH NEW ENTRY 27/09/2023 PUCHASE 299.00 425 OSW/E 12885 Books